| 000 | 01080cam a2200229 i 4500 | ||
|---|---|---|---|
| 003 | SA-RiAUC | ||
| 005 | 20251103131450.0 | ||
| 008 | 251009s1996 ts g c 000 0 ara c | ||
| 040 |
_aSA-JeALM _bara _cSA-RiAUC _erda |
||
| 082 | 0 | 4 | _a011.3109586 |
| 090 |
_a011.3109586 _bف ر ف |
||
| 100 | 1 |
_aفرفور، عبد الرحمن، _d1955- _eمؤلف. |
|
| 245 | 1 | 2 |
_aالمنتقى من مخطوطات البيروني للدراسات الشرقية بطشقند / _cإعداد عبد الرحمن فرفور ، محمد مطيع الحافظ |
| 250 | _aالطبعة الأولى. | ||
| 264 | 1 |
_aدبي : _aطشقند : _bمركز جمعة الماجد للثقافة والتراث، _bمعهد البيروني للدراسات الشرقية. _c1995 |
|
| 300 |
_a180 صفحة ؛ _c24 سم. |
||
| 336 |
_aنص _btxt _2rdacontent _3كتاب |
||
| 337 |
_aبدون وسيط _bn _2rdamedia |
||
| 610 | 2 | 7 |
_aمعهد البيروني للدراسات الشرقية (طشقند) _vفهارس _xمخطوطات _2aucnm |
| 942 |
_2ddc _cBOOK _n0 |
||
| 949 |
_aSA-JeALM _d251009 _uosman123 _n1 |
||
| 999 |
_c12984 _d12984 |
||